French Ligue 2 by Badge - Statistics

General Stats
  • This quiz has been taken 20 times
  • The average score is 13 of 18
Answer Stats
Picture Answer % Correct
AS Saint-Étienne
100%
Montpellier HSC
100%
Stade de Reims
100%
Clermont Foot 63
85%
SC Bastia
80%
Amiens SC
75%
ESTAC Troyes
75%
En Avant Guingamp
70%
Grenoble Foot 38
70%
Le Mans FC
70%
Red Star
70%
Stade Lavallois
65%
AS Nancy-Lorraine
60%
FC Annecy
55%
Pau FC
55%
Rodez Aveyron
55%
USL Dunkerque
50%
US Boulogne Côte d'Opale
30%
No matching quizzes found
Score Distribution
Percent of People with Each Score
Percentile by Number Answered
Your Score History
You have not taken this quiz